[Event "94th Paris-ch  2019"]
[Site "Paris"]
[Date "2019.07.11"]
[Round "6.14"]
[White "Lux, Hugo de Melo"]
[Black "Verstraeten, Rein"]
[Result "1-0"]
[WhiteElo "2231"]
[BlackElo "2376"]
[Annotator "TA"]
[PlyCount "73"]
[EventDate "2019.07.07"]
[EventType "swiss"]
[EventCountry "FRA"]
[SourceTitle "playchess.com"]
[Source "ChessBase"]
[SourceQuality "1"]

{[%evp 9,73,0,0,0,0,0,0,0,4,0,65,41,41,41,41,25,39,49,59,47,123,127,134,142,156,137,143,136,164,158,159,130,451,259,288,249,249,227,379,366,377,379,395,393,370,395,552,552,541,552,548,550,542,523,534,497,603,598,608,592,866,863,1571,1579,1731,1681]} 1. e4 c5 2. Nc3 a6 3. g3 b5 4. Bg2 Bb7 5. a4 (5. Nge2 b4 6. Nd5 e6 7. Ne3 Nf6 8. d3 d5 9. exd5 exd5 10. O-O g6 11. d4 c4 12. Nxc4 Bg7 13. Ne5 {½-½ (58) Salgado Lopez,I (2629)-Navara,D (2736) Skopje 2018}) 5... b4 6. Nd5 {B23: Closed Sicilian: Lines without g3} e6 7. Ne3 Nf6 8. d3 {The position is equal.} d5 9. exd5 exd5 (9... Nxd5 $11 10. Nf3 Nd7) 10. Ne2 $146 ({Predecessor:} 10. Nf3 Be7 11. O-O O-O 12. Nf5 Re8 {1-0 (89) Valle,E (2229)-Vittorino,C (2291) Bogota 2014}) 10... g6 11. O-O Bg7 12. Nf4 O-O 13. c4 {[%cal Rf4d5]} bxc3 14. bxc3 a5 (14... Bc6 $1 $14) 15. Qb3 $36 {[%mdl 2048] White is on the roll.} Ra6 16. Rb1 ({Weaker is} 16. Bxd5 Rb6 $15) 16... Ba8 17. Ba3 ({Don't play} 17. Bxd5 $6 Nxd5 18. Nfxd5 Rd6 $11) 17... Nbd7 18. Nfxd5 Nxd5 19. Nxd5 Re8 20. Rfe1 {[#] Hoping for Rxe8+.} Ne5 $2 {[%mdl 8192]} (20... Rae6 $16 {is more resistant.} 21. Rxe6 Rxe6) 21. Bxc5 (21. d4 $142) 21... Rae6 $18 22. Be3 Ng4 23. Bd2 Ne5 $2 {[#]} (23... Bh6) 24. d4 Nd7 25. Rxe6 Rxe6 26. Be3 Bf8 27. Qc4 Rd6 28. Bf4 {White is clearly winning.} Re6 29. Nc7 Rb6 30. Rxb6 Nxb6 31. Qb5 Bxg2 32. Kxg2 Nd7 33. Qxa5 Qe7 34. Qd5 Nf6 35. Qc6 Nh5 36. Be5 f6 37. Nd5 {[%mdl 64] Double Attack. Accuracy: White = 90%, Black = 30%.} 1-0

[Event "94th Paris-ch  2019"]
[Site "Paris"]
[Date "2019.07.11"]
[Round "6.15"]
[White "Vardaan Nagpal"]
[Black "Tomasi, Albert"]
[Result "1/2-1/2"]
[WhiteElo "2355"]
[BlackElo "2300"]
[Annotator "TA"]
[PlyCount "193"]
[EventDate "2019.07.07"]
[EventType "swiss"]
[EventCountry "FRA"]
[SourceTitle "playchess.com"]
[Source "ChessBase"]
[SourceQuality "1"]

{[%evp 14,193,29,13,22,26,31,0,0,-14,-5,-30,-30,-18,-17,-54,-53,-52,-50,-84,-63,-58,-63,-80,-58,-68,-51,-45,-38,-63,-57,-61,-47,-122,-100,-179,-172,-177,-185,-178,-171,-189,-182,-175,-174,-204,-185,-274,-254,-235,-216,-267,-202,-309,-314,-372,-372,-380,-386,-385,-360,-450,-450,-457,-431,-617,-630,-705,-461,-591,-577,-610,-612,-604,-507,-551,-508,-544,-530,-286,-219,-600,-523,-839,-794,-641,-605,-855,-833,-783,-770,-713,-584,-1027,-845,-2027,-531,-2306,-183,-29957,-29956,-29953,-29961,-29958,-29960,-29978,-29979,-29979,-1837,-1933,0,-29979,-29980,-29980,-29981,-29983,-29969,-29970,-29967,-29969,-29963,-12786,-208,-3020,-208,-208,-208,-208,-208,-208,-208,-208,-208,-208,-208,-208,-208,-208,-208,-208,-208,-208,0,-208,0,-208,0,-208,0,-208,0,-208,-208,-208,0,-208,-208,-208,-208,-208,-208,-208,-208,-208,-208,-208,-208,-208,0,-208,-208,-208,-208,-208,-208,-208,0,-208,0,-208,-208,-208]} 1. e4 c5 2. Nf3 d6 3. d4 cxd4 4. Nxd4 Nf6 5. Nc3 a6 6. Bd3 Nc6 7. Nxc6 bxc6 8. O-O g6 {B90: Sicilian Najdorf: Unusual White 6th moves, 6 Be3 Ng4 and 6 Be3 e5} 9. Bg5 (9. Kh1 Bg7 10. f4 O-O 11. f5 Bb7 12. Qe1 Nd7 13. Bg5 Ne5 14. Rd1 a5 15. Be2 a4 16. Qh4 {1-0 (42) Nepomniachtchi,I (2732)-Duda,J (2697) Khanty-Mansiysk 2017}) 9... Bg7 10. Qd2 h6 {The position is equal.} 11. Bh4 Rb8 $146 (11... g5 $5 12. Bg3 $8 Nh5 $11) ({Predecessor:} 11... g5 12. Bg3 Nh5 13. Be2 Nxg3 14. hxg3 Qb6 15. Na4 Qd4 16. Qxd4 Bxd4 {½-½ (43) Schula,M (2265)-Juptner,J (2358) Prague 2008}) 12. Bc4 Rxb2 13. Bb3 Qa5 {And now ...Ng4 would win.} 14. Rad1 Be6 15. e5 Qxe5 {Strongly threatening ...Ng4!} 16. Rfe1 Qf5 17. Na4 {[#]} Rxb3 $1 18. axb3 O-O 19. f3 c5 20. Nc3 g5 21. Bf2 g4 22. f4 Rb8 23. Be3 (23. Ra1 $15) 23... Rb4 24. Ne2 (24. Ra1 $17 {was called for.}) 24... Ne4 $19 25. Ng3 Nxg3 26. hxg3 a5 27. Bf2 a4 $36 {[%mdl 2048] Keeping White busy.} 28. bxa4 Rxa4 29. Qd3 Bf6 30. Rb1 (30. Qd2 $142) 30... Qxd3 31. cxd3 Ra2 32. Rf1 Bf5 33. Rbd1 (33. Rb8+ {was necessary.} Kg7 34. Rd1) 33... Kg7 34. d4 c4 {[%cal Bc5c4,Bc4c3,Bc3c2][%mdl 32]} 35. Ra1 Rb2 36. Rfc1 d5 37. Ra3 Be4 38. Rca1 e6 39. R3a2 (39. Kf1 $142 c3 40. Rc1) 39... c3 40. Ra3 Rxf2 {[%mdl 64] Remove Defender} 41. Kxf2 Bxd4+ 42. Ke2 c2 43. Kd2 Bb2 44. R3a2 Bxa1 45. Rxa1 {[%mdl 4096] Endgame KR-KB} Kg6 46. Ra7 Bf5 ({Not} 46... Bxg2 47. Kxc2 Be4+ 48. Kd2 $15) 47. Rd7 $2 (47. Ra4) 47... Kf6 48. Rd6 Ke7 49. Rc6 d4 50. Rc7+ Kf6 51. Rc5 d3 52. Re5 Ke7 53. Re1 f6 54. Rh1 Be4 (54... e5 $142 55. fxe5 fxe5) 55. Rxh6 Bxg2 $2 (55... e5 56. fxe5 fxe5) 56. Rh5 $2 (56. Rh7+ $19 Kd6 57. Rh6) 56... Be4 57. Ra5 Bf5 58. Rb5 Kd6 59. Rb6+ Kd5 60. Rb4 Bg6 (60... e5 $142 61. fxe5 fxe5 62. Rb5+ Kd4 63. Rb4+ Kc5 64. Ra4 Be6 65. Ra5+ Kd4 66. Ra6 Bd5 67. Rf6 e4 68. Rf4 Bb3 69. Kc1 Ke3 70. Kb2 d2 71. Rf1 Ba4 72. Rh1 d1=Q 73. Rxd1 cxd1=Q 74. Ka2 Qb3+ 75. Ka1 Qb5 76. Ka2 Bc2 77. Ka3 Qb3#) 61. Ra4 Bf5 (61... e5 $19 62. Ra5+ Ke4 63. fxe5 fxe5) 62. Rb4 $1 e5 63. fxe5 fxe5 64. Ra4 Be4 65. Ra5+ Ke6 66. Ra3 Kf6 67. Ra4 Bf3 $2 (67... Bb7 {Threatens to win with ...e4.} 68. Rb4 Bd5 69. Rb6+ Ke7) 68. Rc4 $2 (68. Ra3 Be2 69. Rc3) 68... Be2 $2 (68... Bd5 69. Rc5 e4 70. Rxd5 {[#]} e3+ $1 {[%mdl 512]} 71. Kc1 e2 72. Rxd3 e1=Q+ 73. Kxc2 Qe2+ 74. Rd2 Qc4+ 75. Kb2 Qb4+ 76. Kc2 Qc5+ 77. Kd1 Qg1+ 78. Ke2 Qxg3) 69. Rc5 Ke6 70. Ke3 Kd6 71. Rc3 Kd7 72. Kd2 Ke6 73. Ke3 Bf1 74. Rc8 Kd7 75. Rc3 Kd6 76. Kd2 Ke6 77. Ke3 Be2 $2 (77... Kd5 $19 78. Rc7 Kd6) 78. Rc7 $2 (78. Rc5 $1 $11) 78... Kd6 79. Rc3 $1 Kd7 $2 ({Better is} 79... Ke7 $19 80. Rc8 Kd7) 80. Rc5 $2 (80. Kd2 $11 {and White is okay.}) 80... Bf1 81. Rc3 $1 Kd6 82. Kd2 Kd5 83. Ke3 Be2 $2 (83... e4 $19 84. Rc8 Bh3 85. Rd8+ Ke6) 84. Rc7 $2 (84. Rc8 $11) 84... e4 85. Rc8 Bf3 86. Rc7 Kd6 87. Rc3 Ke5 88. Rc5+ Kf6 89. Rc6+ Kg7 90. Rc7+ Kf6 91. Rc6+ $1 Ke7 {...d2! is the strong threat.} 92. Rc7+ Kd8 93. Rc5 Ke8 94. Rc8+ Ke7 95. Rc7+ $1 Kd8 96. Rc5 Bd1 97. Rc4 {Accuracy: White = 39%, Black = 65%.} 1/2-1/2

[Event "94th Paris-ch  2019"]
[Site "Paris"]
[Date "2019.07.11"]
[Round "6.16"]
[White "Cotonnec, Melkior"]
[Black "Manoeuvre, Antoine"]
[Result "1/2-1/2"]
[WhiteElo "2293"]
[BlackElo "2325"]
[Annotator "TA"]
[PlyCount "49"]
[EventDate "2019.07.07"]
[EventType "swiss"]
[EventCountry "FRA"]
[SourceTitle "playchess.com"]
[Source "ChessBase"]
[SourceQuality "1"]

{[%evp 24,49,37,31,29,25,27,33,59,22,73,18,22,21,32,20,18,6,16,15,31,31,33,43,24,0,0,0]} 1. c4 Nf6 2. Nc3 e5 3. g3 d5 4. cxd5 Nxd5 5. Bg2 Nb6 6. Nf3 Nc6 7. d3 Be7 8. O-O Be6 9. a3 a5 10. Be3 Nd5 11. Nxd5 Bxd5 12. Rc1 O-O 13. Qa4 Re8 {A29: English Opening: Four Knights Variation with 4 g3} 14. Rfd1 Bf6 15. Rc5 Qd6 {[#] White is slightly better.} 16. Qc2 $146 ({Predecessor:} 16. Rb5 Ne7 17. Nd2 Bxg2 18. Kxg2 {1-0 (67) Mastrovasilis,A (2555)-Szotkowski,J (2406) Riga 2016}) 16... Be7 (16... Rad8 $11) 17. Nd2 ({White should try} 17. d4 $16 {Strongly threatening dxe5.} Nxd4 18. Bxd4 exd4 {[#]} 19. Ng5 $1 {[%mdl 576] Decoy} Bxg5 20. Rxd5 {[%mdl 64] Double Attack}) 17... Bxg2 $11 18. Kxg2 Qd7 19. Rc4 Qd5+ 20. Kg1 Bd6 21. Ne4 f5 22. Nxd6 cxd6 23. d4 e4 24. Bf4 h6 25. h4 {Accuracy: White = 45%, Black = 47%.} 1/2-1/2

[Event "94th Paris-ch  2019"]
[Site "Paris"]
[Date "2019.07.11"]
[Round "6.18"]
[White "Eden, James"]
[Black "Le Quang, Kim"]
[Result "1-0"]
[WhiteElo "2343"]
[BlackElo "2243"]
[Annotator "TA"]
[PlyCount "55"]
[EventDate "2019.07.07"]
[EventType "swiss"]
[EventCountry "FRA"]
[SourceTitle "playchess.com"]
[Source "ChessBase"]
[SourceQuality "1"]

{[%evp 19,55,0,20,0,50,40,7,0,0,0,0,0,62,82,81,64,127,116,118,121,130,130,153,120,141,124,151,155,183,191,191,147,191,205,483,464,504,502]} 1. e4 d6 2. d4 Nf6 3. Nc3 g6 4. Bg5 c6 5. Qd2 Nbd7 6. O-O-O Qa5 7. Kb1 b5 8. f3 Bg7 9. Bh6 Bxh6 10. Qxh6 b4 11. Nce2 $1 {B07: Pirc Defence: Miscellaneous Systems} Ba6 (11... Nb6 12. Nc1 Na4 13. Nb3 Qc7 14. Nh3 Bxh3 15. Qxh3 a5 16. d5 {0-1 (32) Demchenko,A (2660)-Andriasian,Z (2585) Riadh 2017}) 12. Nh3 c5 13. dxc5 {The position is equal.} Qxc5 14. Nc1 $146 ({Predecessor:} 14. Nd4 Bxf1 15. Rhxf1 Rc8 16. Ka1 a5 17. Ng5 a4 18. f4 a3 {0-1 (27) Kokaia,G (2159)-Mnatsakanian,A (2047) Poti 2018}) 14... Bxf1 15. Rhxf1 O-O-O ({Better is} 15... a5 $11) 16. Nb3 $14 Qb6 17. Nf4 $36 {[%mdl 2048] White is pushing.} Nc5 (17... e6 $14) 18. Nd5 $16 Nxd5 19. exd5 e5 {[#]} 20. dxe6 $1 Nxe6 21. Rd5 Nc7 22. Rd3 a5 23. Rfd1 a4 24. Nc1 d5 25. Qd2 a3 26. bxa3 {[%cal Bb2a3,Ba3b4][%mdl 32]} Nb5 $2 {[#]} (26... bxa3+ {is a better defense.} 27. Rb3 Qc6) 27. axb4 $18 d4 28. Ne2 {Accuracy: White = 88%, Black = 27%.} 1-0

[Event "94th Paris-ch  2019"]
[Site "Paris"]
[Date "2019.07.11"]
[Round "6.19"]
[White "Macon, Arthur"]
[Black "French, Max"]
[Result "1-0"]
[WhiteElo "2270"]
[BlackElo "2232"]
[Annotator "ChessBase"]
[PlyCount "132"]
[EventDate "2019.07.07"]
[EventType "swiss"]
[EventCountry "FRA"]
[SourceTitle "playchess.com"]
[Source "ChessBase"]
[SourceQuality "1"]
[TimeControl "5400+30"]

1. Nf3 {[%emt 0:00:45]} Nf6 {[%emt 0:00:00]} 2. g3 {[%emt 0:00:18]} e6 {[%emt 0:00:00]} 3. Bg2 {[%emt 0:02:27]} d5 {[%emt 0:00:00]} 4. O-O {[%emt 0:03:12]} Be7 {[%emt 0:00:00]} 5. b3 {[%emt 0:07:01]} O-O {[%emt 0:00:23]} 6. c4 {[%emt 0:00:16]} d4 {[%emt 0:00:04]} 7. e3 {[%emt 0:01:58]} c5 {[%emt 0:00:14]} 8. exd4 {[%emt 0:00:18]} cxd4 {[%emt 0:00:04]} 9. Re1 {[%emt 0:05:09]} Nc6 {[%emt 0:00:08]} 10. d3 {[%emt 0:00:59]} Re8 {[%emt 0:03:50]} 11. Ba3 {[%emt 0:04:54]} Bd6 {[%emt 0:11:01]} 12. Bxd6 {[%emt 0:06:10]} Qxd6 {[%emt 0:00:04]} 13. a3 {[%emt 0:00:22]} a5 {[%emt 0:00:23]} 14. Nbd2 {[%emt 0:00:38]} e5 {[%emt 0:00:29]} 15. Ng5 {[%emt 0:02:55]} h6 {[%emt 0:05:38]} 16. Nge4 {[%emt 0:00:49]} Nxe4 {[%emt 0:00:08]} 17. Nxe4 {[%emt 0:00:40]} Qc7 {[%emt 0:01:33]} 18. c5 {[%emt 0:01:12]} Bd7 {[%emt 0:11:49]} 19. Nd6 {[%emt 0:02:12]} Re7 {[%emt 0:00:30]} 20. b4 {[%emt 0:11:53]} axb4 {[%emt 0:04:26]} 21. axb4 {[%emt 0:00:21]} Rxa1 {[%emt 0:01:22]} 22. Qxa1 {[%emt 0:00:16]} Nxb4 {[%emt 0:00:34]} 23. Qa8+ {[%emt 0:00:42]} Kh7 {[%emt 0:00:13]} 24. Qf8 {[%emt 0:03:22]} Be6 {[%emt 0:07:28]} 25. Ne8 {[%emt 0:04:34]} Rxe8 {[%emt 0:00:25]} 26. Qxe8 {[%emt 0:00:04]} Qxc5 {[%emt 0:07:01]} 27. Be4+ {[%emt 0:02:59]} g6 {[%emt 0:02:54]} 28. Ra1 {[%emt 0:05:16]} Na6 {[%emt 0:15:46]} 29. Bxb7 {[%emt 0:05:04]} Nc7 {[%emt 0:00:04]} 30. Qc6 {[%emt 0:01:30]} Qxc6 {[%emt 0:01:44]} 31. Bxc6 {[%emt 0:00:12]} Kg7 {[%emt 0:02:30]} 32. Ra7 {[%emt 0:00:42]} Nd5 {[%emt 0:00:09]} 33. Bxd5 {[%emt 0:00:31]} Bxd5 {[%emt 0:00:04]} 34. Ra5 {[%emt 0:00:08]} Bb7 {[%emt 0:01:41]} 35. Rxe5 {[%emt 0:00:31]} Ba6 {[%emt 0:00:04]} 36. Rd5 {[%emt 0:00:10]} Bxd3 {[%emt 0:00:04]} 37. Rxd4 {[%emt 0:00:05]} Bf5 {[%emt 0:03:19]} 38. Kg2 {[%emt 0:01:33]} Be6 {[%emt 0:01:12]} 39. Kf3 {[%emt 0:00:34]} Kf6 {[%emt 0:00:14]} 40. Ke3 {[%emt 0:00:34]} Bb3 {[%emt 0:00:43]} 41. Rb4 {[%emt 0:00:24]} Ba2 {[%emt 0:00:21]} 42. Rb5 {[%emt 0:00:42]} Bc4 {[%emt 0:00:07]} 43. Rc5 {[%emt 0:00:11]} Bb3 {[%emt 0:00:06]} 44. Kd4 {[%emt 0:02:30]} Be6 {[%emt 0:01:21]} 45. f4 {[%emt 0:01:33]} Bd7 {[%emt 0:00:49]} 46. Kd5 {[%emt 0:02:15]} Be6+ {[%emt 0:00:07]} 47. Kd6 {[%emt 0:00:11]} h5 {[%emt 0:00:40]} 48. Re5 {[%emt 0:01:06]} Bf5 {[%emt 0:00:53]} 49. Kc7 {[%emt 0:01:31]} Be6 {[%emt 0:03:58]} 50. Kd8 {[%emt 0:00:31]} Bb3 {[%emt 0:01:47]} 51. Ke8 {[%emt 0:00:38]} Be6 {[%emt 0:00:07]} 52. Kf8 {[%emt 0:00:18]} Ba2 {[%emt 0:00:15]} 53. Re7 {[%emt 0:01:58]} Bb3 {[%emt 0:00:37]} 54. h3 {[%emt 0:01:51]} Be6 {[%emt 0:02:19]} 55. g4 {[%emt 0:00:32]} hxg4 {[%emt 0:00:08]} 56. hxg4 {[%emt 0:00:06]} g5 {[%emt 0:02:45]} 57. f5 {[%emt 0:01:46]} Bc4 {[%emt 0:00:49]} 58. Re3 {[%emt 0:01:32]} Bd5 {[%emt 0:01:04]} 59. Kg8 {[%emt 0:01:14]} Bc6 {[%emt 0:01:16]} 60. Kh7 {[%emt 0:01:16]} Ba4 {[%emt 0:00:12]} 61. Kh6 {[%emt 0:00:13]} Bd1 {[%emt 0:00:20]} 62. Kh5 {[%emt 0:00:10]} Bc2 {[%emt 0:00:12]} 63. Ra3 {[%emt 0:00:49]} Bxf5 {[%emt 0:01:47]} 64. gxf5 {[%emt 0:00:59]} Kxf5 {[%emt 0:00:05]} 65. Rf3+ {[%emt 0:00:11]} Ke4 {[%emt 0:00:06]} 66. Rxf7 {[%emt 0:00:06]} Kd5 {[%emt 0:00:13]} 1-0

[Event "94th Paris-ch  2019"]
[Site "Paris"]
[Date "2019.07.11"]
[Round "6.20"]
[White "Jeet, Jain"]
[Black "Lutard, Theo"]
[Result "1-0"]
[WhiteElo "2258"]
[BlackElo "2222"]
[Annotator "NA"]
[PlyCount "47"]
[EventDate "2019.07.07"]
[EventType "swiss"]
[EventCountry "FRA"]
[SourceTitle "playchess.com"]
[Source "ChessBase"]
[SourceQuality "1"]
[TimeControl "5400+30"]

1. e4 {[%emt 0:00:20]} e6 {[%emt 0:00:00]} 2. d4 {[%emt 0:00:16]} d5 {[%emt 0:00:03]} 3. Nc3 {[%emt 0:00:16]} Nf6 {[%emt 0:00:09]} 4. e5 {[%emt 0:01:01]} Nfd7 {[%emt 0:00:09]} 5. Nce2 {[%emt 0:00:51]} c5 {[%emt 0:00:22]} 6. f4 {[%emt 0:00:35]} Nc6 {[%emt 0:00:13]} 7. Nf3 {[%emt 0:00:46]} b5 {[%emt 0:00:57]} 8. c3 {[%emt 0:00:40]} b4 {[%emt 0:01:01]} 9. f5 {[%emt 0:11:40]} exf5 {[%emt 0:01:01]} 10. Nf4 {[%emt 0:00:28]} bxc3 {[%emt 0:00:39]} 11. bxc3 {[%emt 0:00:53]} Rb8 {[%emt 0:00:46]} 12. Kf2 {[%emt 0:15:18]} Nb6 {[%emt 0:18:18]} 13. Bb5 {[%emt 0:03:35]} Bb7 {[%emt 0:08:13]} 14. e6 {[%emt 0:05:08]} Bd6 {[%emt 0:22:13]} 15. Re1 {[%emt 0:01:46]} a6 {[%emt 0:25:33]} 16. exf7+ {[%emt 0:02:01]} Kxf7 {[%emt 0:00:10]} 17. Ne6 {[%emt 0:00:12]} Qc8 {[%emt 0:03:32]} 18. Bxc6 {[%emt 0:05:24]} Qxc6 {[%emt 0:01:03]} 19. dxc5 {[%emt 0:00:17]} Bxc5+ {[%emt 0:00:46]} 20. Nxc5 {[%emt 0:00:36]} Qxc5+ {[%emt 0:00:05]} 21. Be3 {[%emt 0:00:08]} Qd6 {[%emt 0:04:18]} 22. Qd4 {[%emt 0:00:34]} Nc4 {[%emt 0:02:16]} 23. Bf4 {[%emt 0:00:39]} Qb6 {[%emt 0:05:05]} 24. Ng5+ {[%emt 0:00:20]} 1-0

[Event "94th Paris-ch  2019"]
[Site "Paris"]
[Date "2019.07.11"]
[Round "6.21"]
[White "Materia, Marco"]
[Black "Smith, Matthieu"]
[Result "1-0"]
[WhiteElo "2243"]
[BlackElo "2208"]
[Annotator "NA"]
[PlyCount "49"]
[EventDate "2019.07.07"]
[EventType "swiss"]
[EventCountry "FRA"]
[SourceTitle "playchess.com"]
[Source "ChessBase"]
[SourceQuality "1"]
[TimeControl "5400+30"]

1. d4 {[%emt 0:00:00]} Nf6 {[%emt 0:04:10]} 2. c4 {[%emt 0:00:00]} e6 {[%emt 0:00:43]} 3. Nc3 {[%emt 0:00:00]} Bb4 {[%emt 0:00:00]} 4. e3 {[%emt 0:00:20]} c5 {[%emt 0:01:53]} 5. Nge2 {[%emt 0:01:01]} cxd4 {[%emt 0:06:34]} 6. exd4 {[%emt 0:00:33]} d5 {[%emt 0:00:50]} 7. c5 {[%emt 0:03:41]} O-O {[%emt 0:04:27]} 8. a3 {[%emt 0:04:08]} Bxc3+ {[%emt 0:01:43]} 9. Nxc3 {[%emt 0:00:54]} Nc6 {[%emt 0:00:34]} 10. Be2 {[%emt 0:01:26]} e5 {[%emt 0:09:55]} 11. dxe5 {[%emt 0:08:35]} Nxe5 {[%emt 0:00:15]} 12. Be3 {[%emt 0:01:50]} Be6 {[%emt 0:04:43]} 13. O-O {[%emt 0:06:01]} Nfg4 {[%emt 0:09:32]} 14. Bd4 {[%emt 0:04:26]} Qb8 {[%emt 0:15:05]} 15. f4 {[%emt 0:04:01]} Nc6 {[%emt 0:09:58]} 16. Bxg4 {[%emt 0:02:21]} Bxg4 {[%emt 0:02:42]} 17. Qxg4 {[%emt 0:01:10]} Nxd4 {[%emt 0:00:08]} 18. f5 {[%emt 0:03:04]} Nb3 {[%emt 0:01:44]} 19. f6 {[%emt 0:00:02]} g6 {[%emt 0:00:02]} 20. Qg5 {[%emt 0:00:05]} Nxc5 {[%emt 0:00:01]} 21. Qh6 {[%emt 0:00:01]} Ne6 {[%emt 0:00:01]} 22. Rae1 {[%emt 0:00:04]} Qc7 {[%emt 0:00:01]} 23. Nxd5 {[%emt 0:00:02]} Qc5+ {[%emt 0:00:01]} 24. Kh1 {[%emt 0:00:01]} Qxd5 {[%emt 0:00:02]} 25. Rxe6 {[%emt 0:00:01]} 1-0

[Event "94th Paris-ch  2019"]
[Site "Paris"]
[Date "2019.07.11"]
[Round "6.22"]
[White "Girel, Joseph"]
[Black "Douriet Duany, Alexis"]
[Result "1-0"]
[WhiteElo "2215"]
[BlackElo "2247"]
[Annotator "ChessBase"]
[PlyCount "71"]
[EventDate "2019.07.07"]
[EventType "swiss"]
[EventCountry "FRA"]
[TimeControl "5400+30"]

1. e4 {[%emt 0:00:00]} g6 {[%emt 0:05:19]} 2. d4 {[%emt 0:00:19]} Bg7 {[%emt 0:00:01]} 3. Nc3 {[%emt 0:00:35]} c5 {[%emt 0:00:37]} 4. Nf3 {[%emt 0:01:52]} cxd4 {[%emt 0:00:58]} 5. Nxd4 {[%emt 0:00:15]} Nc6 {[%emt 0:00:03]} 6. Be3 {[%emt 0:00:45]} d6 {[%emt 0:00:20]} 7. Qd2 {[%emt 0:00:55]} Bd7 {[%emt 0:00:08]} 8. Bc4 {[%emt 0:00:41]} Rc8 {[%emt 0:00:11]} 9. Bb3 {[%emt 0:00:07]} Nf6 {[%emt 0:00:18]} 10. f3 {[%emt 0:00:10]} Ne5 {[%emt 0:00:18]} 11. O-O-O {[%emt 0:01:43]} Nc4 {[%emt 0:00:45]} 12. Bxc4 Rxc4 {[%emt 0:00:01]} 13. g4 {[%emt 0:02:02]} Qc8 {[%emt 0:29:05]} 14. h4 {[%emt 0:06:10]} Bxg4 {[%emt 0:12:13]} 15. fxg4 {[%emt 0:00:48]} Nxg4 {[%emt 0:00:03]} 16. Nde2 {[%emt 0:16:21]} h5 {[%emt 0:06:12]} 17. Kb1 {[%emt 0:02:49]} b5 {[%emt 0:00:04]} 18. Bd4 {[%emt 0:04:19]} O-O {[%emt 0:16:46]} 19. Bxg7 {[%emt 0:03:40]} Kxg7 {[%emt 0:00:05]} 20. Ng3 {[%emt 0:02:02]} Qe6 {[%emt 0:09:35]} 21. Nce2 {[%emt 0:13:50]} Qe5 {[%emt 0:01:32]} 22. Rhg1 {[%emt 0:01:58]} Rfc8 {[%emt 0:02:05]} 23. Nd4 {[%emt 0:04:17]} Kf8 {[%emt 0:01:39]} 24. b3 {[%emt 0:07:12]} Rc3 {[%emt 0:00:32]} 25. Nge2 {[%emt 0:01:51]} Rh3 {[%emt 0:00:20]} 26. Qf4 {[%emt 0:04:43]} Rxh4 {[%emt 0:02:11]} 27. Nf3 {[%emt 0:01:08]} Qc5 {[%emt 0:03:16]} 28. Ned4 {[%emt 0:01:31]} Ne5 {[%emt 0:04:10]} 29. Qh6+ {[%emt 0:01:41]} Ke8 {[%emt 0:01:05]} 30. Nxh4 {[%emt 0:00:34]} Nc4 {[%emt 0:00:02]} 31. bxc4 {[%emt 0:01:38]} bxc4 {[%emt 0:00:29]} 32. Qc1 {[%emt 0:02:15]} Rb8+ {[%emt 0:00:17]} 33. Ka1 {[%emt 0:00:24]} e5 {[%emt 0:00:31]} 34. c3 {[%emt 0:01:55]} exd4 {[%emt 0:00:26]} 35. cxd4 {[%emt 0:00:11]} Qb4 {[%emt 0:00:17]} 36. Qc2 {[%emt 0:00:35]} 1-0